|
|
|
|
| LEADER |
03372nam a22006015i 4500 |
| 001 |
978-3-540-45771-8 |
| 003 |
DE-He213 |
| 005 |
20151204150024.0 |
| 007 |
cr nn 008mamaa |
| 008 |
100324s2006 gw | s |||| 0|eng d |
| 020 |
|
|
|a 9783540457718
|9 978-3-540-45771-8
|
| 024 |
7 |
|
|a 10.1007/11880172
|2 doi
|
| 040 |
|
|
|d GrThAP
|
| 050 |
|
4 |
|a P40-40.5
|
| 072 |
|
7 |
|a CFB
|2 bicssc
|
| 072 |
|
7 |
|a LAN009000
|2 bisacsh
|
| 072 |
|
7 |
|a SOC026000
|2 bisacsh
|
| 082 |
0 |
4 |
|a 306.44
|2 23
|
| 245 |
1 |
0 |
|a Symbol Grounding and Beyond
|h [electronic resource] :
|b Third International Workshop on the Emergence and Evolution of Linguistic Communication, EELC 2006, Rome, Italy, September 30 – October 1, 2006. Proceedings /
|c edited by Paul Vogt, Yuuya Sugita, Elio Tuci, Chrystopher Nehaniv.
|
| 264 |
|
1 |
|a Berlin, Heidelberg :
|b Springer Berlin Heidelberg,
|c 2006.
|
| 300 |
|
|
|a VIII, 240 p.
|b online resource.
|
| 336 |
|
|
|a text
|b txt
|2 rdacontent
|
| 337 |
|
|
|a computer
|b c
|2 rdamedia
|
| 338 |
|
|
|a online resource
|b cr
|2 rdacarrier
|
| 347 |
|
|
|a text file
|b PDF
|2 rda
|
| 490 |
1 |
|
|a Lecture Notes in Computer Science,
|x 0302-9743 ;
|v 4211
|
| 505 |
0 |
|
|a A Hybrid Model for Learning Word-Meaning Mappings -- Cooperation, Conceptual Spaces and the Evolution of Semantics -- Cross-Situational Learning: A Mathematical Approach -- Dialog Strategy Acquisition and Its Evaluation for Efficient Learning of Word Meanings by Agents -- Evolving Distributed Representations for Language with Self-Organizing Maps -- How Do Children Develop Syntactic Representations from What They Hear? -- How Grammar Emerges to Dampen Combinatorial Search in Parsing -- Implementation of Biases Observed in Children’s Language Development into Agents -- Lexicon Convergence in a Population With and Without Metacommunication -- Operational Aspects of the Evolved Signalling Behaviour in a Group of Cooperating and Communicating Robots -- Propositional Logic Syntax Acquisition -- Robots That Learn Language: Developmental Approach to Human-Machine Conversations -- Simulating Meaning Negotiation Using Observational Language Games -- Symbol Grounding Through Cumulative Learning -- The Human Speechome Project -- Unify and Merge in Fluid Construction Grammar -- Utility for Communicability by Profit and Cost of Agreement.
|
| 650 |
|
0 |
|a Linguistics.
|
| 650 |
|
0 |
|a Computers.
|
| 650 |
|
0 |
|a Artificial intelligence.
|
| 650 |
|
0 |
|a Computer simulation.
|
| 650 |
|
0 |
|a Computational linguistics.
|
| 650 |
|
0 |
|a Application software.
|
| 650 |
|
0 |
|a Sociolinguistics.
|
| 650 |
1 |
4 |
|a Linguistics.
|
| 650 |
2 |
4 |
|a Sociolinguistics.
|
| 650 |
2 |
4 |
|a Artificial Intelligence (incl. Robotics).
|
| 650 |
2 |
4 |
|a Simulation and Modeling.
|
| 650 |
2 |
4 |
|a Computation by Abstract Devices.
|
| 650 |
2 |
4 |
|a Language Translation and Linguistics.
|
| 650 |
2 |
4 |
|a Computer Appl. in Social and Behavioral Sciences.
|
| 700 |
1 |
|
|a Vogt, Paul.
|e editor.
|
| 700 |
1 |
|
|a Sugita, Yuuya.
|e editor.
|
| 700 |
1 |
|
|a Tuci, Elio.
|e editor.
|
| 700 |
1 |
|
|a Nehaniv, Chrystopher.
|e editor.
|
| 710 |
2 |
|
|a SpringerLink (Online service)
|
| 773 |
0 |
|
|t Springer eBooks
|
| 776 |
0 |
8 |
|i Printed edition:
|z 9783540457695
|
| 830 |
|
0 |
|a Lecture Notes in Computer Science,
|x 0302-9743 ;
|v 4211
|
| 856 |
4 |
0 |
|u http://dx.doi.org/10.1007/11880172
|z Full Text via HEAL-Link
|
| 912 |
|
|
|a ZDB-2-SCS
|
| 912 |
|
|
|a ZDB-2-LNC
|
| 950 |
|
|
|a Computer Science (Springer-11645)
|